000 00724nam a22002770a 4500
001 PT36425
003 AR-LpoUNG
005 20210131230354.0
008 191001s2001||||ag |||||||||||||||||spa d
020 _a9789875450172
_c$4.75
040 _aAR-LpoUNG
_bspa
_cAR-LpoUNG
_eaacr
041 _aspa
044 _aag
082 0 _a808.068 3 425ley
100 1 _aRepún, Graciela
245 1 0 _aLeyendas argentinas
250 _a1ra. ed., 19na. reimpr.
260 _aBuenos Aires :
_bNorma,
_c2001.
300 _a126 p. :
_bil.
505 0 _aSugerido a partir de 14 años (etiqueta VERDE)
653 _aLEYENDAS
653 _aLITERATURA INFANTIL
700 1 _aWeiss, Mónica
_eil.
905 _a36425
942 _cLIB
999 _c3042
_d3042